| 000 | 01000cab a2200229 4500 | ||
|---|---|---|---|
| 001 | ABS57961 | ||
| 008 | 090401t1997 xxu||||| |||| 00| 0 eng d | ||
| 035 | _a(Sirsi) u81967 | ||
| 041 | _aeng | ||
| 245 | _aRegalgrand Ltd v Dickerson and Wade | ||
| 260 | _c1997 | ||
| 350 | _a0 | ||
| 490 |
_aProperty, planning & compensation reports _v(1997) 74 P&CR 312-219(8) |
||
| 520 | _aCA 12 November 1996. Appeal by tenants against county court decision. A rented a flat on an assured tenancy. Landlord (R) believed the tenancy to be a shorthold tenancy and evicted A. Whether CC judgment, whereby the damages due to A for unlawful eviction by R under Housing Act 1988 s27 and s28, should be reduced by mitigating conduct. Appeal dismissed. | ||
| 650 | _aHOUSING ACT 1988 S27 | ||
| 650 | _aHOUSING ACT 1988 S28 | ||
| 650 | _aREGALGRAND LTD V DICKERSON AND WADE | ||
| 650 | _aUNLAWFUL EVICTION | ||
| 690 | _aLANDLORD AND TENANT-CASE LAW-RESIDENTIAL TENANCIES | ||
| 942 | _n0 | ||
| 948 | _c10/11/1997 | ||
| 999 |
_c51689 _d51689 |
||